Barcelona 5-2 Real Madrid Lineups - Statistics

General Stats
  • This quiz has been taken 232 times
  • The average score is 25 of 33
Answer Stats
Nationality Real Madrid Lineup, subs, and coach % Correct
Poland Robert Lewandowski
94%
France Jules Kounde
92%
France Kylian Mbappe
91%
Spain Lamine Yamal
91%
Spain Pedri
91%
Belgium Thibaut Courtois
90%
Brazil Vinicius Junior
90%
Germany (coach) Hansi Flick
88%
Croatia (sub) Luka Modric
87%
England Jude Bellingham
86%
Brazil Rodrygo
85%
Italy (coach) Carlo Ancelotti
84%
Spain Pau Cubarsi
84%
Uruguay (sub) Ronald Araujo
84%
Germany Antonio Rudiger
83%
Spain Pablo Gavi
83%
Spain Inigo Martinez
82%
Spain Alejandro Balde
81%
France Eduardo Camavinga
81%
Uruguay Federico Valverde
81%
France Aurelien Tchouameni
80%
Spain/Morroco (sub) Brahim Diaz
74%
France Ferland Mendy
74%
Poland Wojciech Szczesny
71%
Spain Marc Casado
66%
Spain (sub) Dani Olmo
65%
Brazil Raphina
63%
Spain Lucas Vazquez
59%
Spain (sub) Fran Garcia
58%
Spain (sub) Raul Asencio
57%
Spain (sub) Ferran Torres
55%
Spain (sub) Dani Ceballos
44%
Spain (sub) Iniaki Pena
28%
No matching quizzes found
Score Distribution
Percent of People with Each Score
Percentile by Number Answered
Your Score History
You have not taken this quiz